000 00749nam a2200229 a 4500
999 _c11603
_d11603
001 11603
003 BD-JhCC
005 20200705112259.0
008 200705b2019 bg |||| ||a| 001 0 ben d
020 _a9789845063197
035 _a(BD-JhCC)11603
040 _aBD-JhCC
_dBD-JhCC
041 _aben
082 _a954.9205
_bGRA 2019
245 _aগ্রামের একাত্তর /
_cসম্পা: আফসান চৌধুরী ।
260 _aঢাকা:
_bইউনিভার্সিটি প্রেস লিমিটেড;
_c২০১৯.
300 _a205p . :
_c22 cm.
650 _aHistory of Liberation
_zBangladesh
700 _aচৌধুরী, আফসান
942 _2ddc
_cBK